000 00590nam a2200193Ia 4500
005 20260114185636.0
008 008 260114s9999 xx 000 0 eng d
020 _a9781350000247
037 _aEBOOK
040 _aCRL
_beng
_cCRL
041 _aeng
_2eng
084 _qCRL
100 _aFrank O'Gorman
_9872589
245 4 _aThe Long Eighteenth Century British Political and Social History 1688-1832
260 _bBloomsbury
_c2016
856 _uhttps://doi.org/10.5040/9781350000247?locatt=label:secondary_bloomsburyCollections
942 _cEBOOK
999 _c1471537
_d1471537